| 000 | 00831nab a2200265 a 4500 | ||
|---|---|---|---|
| 005 | 20210219162053.0 | ||
| 008 | 991125s1985 mx 000 0 spa u | ||
| 035 | _aUPN01000197181 | ||
| 049 | _aART-E | ||
| 100 | 1 | _aValdés, Mónica | |
| 100 | 1 | _umvaldes@colegioingles.cl | |
| 222 |
_aOCNOS : _bREVISTA DE ESTUDIOS SOBRE LECTURA |
||
| 245 | _a¿Leen en forma voluntaria y recreativa los niños que logran un buen nivel de comprensión lectora? | ||
| 260 | _aEspaña | ||
| 300 | _a71-89 | ||
| 362 | 0 | _a2013, No. 10 | |
| 653 | 0 | _aFOMENTO A LA LECTURA | |
| 653 | 0 | _aCOMPRENSION LECTORA | |
| 653 | 0 | _aPROCESOS DE LECTURA | |
| 653 | 0 | _aHABITOS DE LECTURA | |
| 856 | 1 | _uhttp://www.revista.uclm.es/index.php/ocnos/article/view/291/332 | |
| 905 | _aArticulo | ||
| 338 | _arecurso en linea | ||
| 999 |
_c169282 _d169282 |
||